Central Library OPAC University of Rajshahi

The physics of blown sand and desert dunes / (Record no. 10569)

MARC details
000 -LEADER
fixed length control field 00920nam a2200265 a 4500
001 - CONTROL NUMBER
control field 10569
003 - CONTROL NUMBER IDENTIFIER
rucl marc code BD-RjUL
005 - DATE AND TIME OF LATEST TRANSACTION
control field 20211208234958.0
008 - FIXED-LENGTH DATA ELEMENTS--GENERAL INFORMATION
fixed length control field 140125r19731941enkad b 001 0 eng d
020 ## - INTERNATIONAL STANDARD BOOK NUMBER
International Standard Book Number 0412102706
035 ## - SYSTEM CONTROL NUMBER
System control number (BD-RjUL)10617
040 ## - CATALOGING SOURCE
Original cataloging agency UkOxU
Language of cataloging eng
Transcribing agency UkOxU
Modifying agency BD-RjUL
041 ## - LANGUAGE CODE
Language code of text/sound track or separate title eng
082 04 - DEWEY DECIMAL CLASSIFICATION NUMBER
Edition number 19
Classification number 551.37
Author mark and year BAP 1973
100 1# - MAIN ENTRY--PERSONAL NAME
Personal name Bagnold, Ralph A.
Fuller form of name (Ralph Alger),
Dates associated with a name 1896-
9 (RLIN) 32670
245 14 - TITLE STATEMENT
Title The physics of blown sand and desert dunes /
Statement of responsibility, etc. R.A. Bagnold.
260 ## - PUBLICATION, DISTRIBUTION, ETC. (IMPRINT)
Place of publication, distribution, etc. London :
Name of publisher, distributor, etc. Chapman and Hall,
Date of publication, distribution, etc. 1941 [Reprinted 1954,1973].
300 ## - PHYSICAL DESCRIPTION
Pagination xxiv, 265 p., [16] p. of plates :
Illustrations ill., charts ;
Size 23 cm.
500 ## - GENERAL NOTE
General note First published: Methuen, 1941. Reprinted five times. This reprint contains the Preface to the 1954 reprint.
504 ## - BIBLIOGRAPHY, ETC. NOTE
Bibliography, etc Includes bibliography and index.
650 #0 - SUBJECT ADDED ENTRY--TOPICAL TERM
Topical term or geographic name as entry element Sand dunes.
9 (RLIN) 32671
Topical term or geographic name as entry element Winds.
9 (RLIN) 32672
Topical term or geographic name as entry element Ripple-marks.
9 (RLIN) 32673
942 ## - ADDED ENTRY ELEMENTS (KOHA)
Source of classification or shelving scheme Dewey Decimal Classification
Koha item type Books
Holdings
Lost status Source of classification or shelving scheme Damaged status Not for loan Permanent Location Current Location Shelving location Date acquired Source of acquisition Cost, normal purchase price Total Checkouts Full call number Date last seen Copy number Koha item type Collection code
  Dewey Decimal Classification     Central Library, University of Rajshahi Central Library, University of Rajshahi   01/01/1981 Heffers. 6.50   551.37 BAP 1973 25/01/2014 C-2 Books  
  Dewey Decimal Classification   Not For Loan Central Library, University of Rajshahi Central Library, University of Rajshahi Reading Room 01/01/1981 Heffers. 6.50   551.37 BAP 1973 14/10/2018 C-1 Books Non-fiction
  Dewey Decimal Classification     Central Library, University of Rajshahi Central Library, University of Rajshahi   12/11/1955 W.B.C 24.60   551.37 BAP 1954 21/10/2018 C-3 Books Non-fiction